Wordt geladen...

An Introductory Transformational Grammer

Bibliografische gegevens
Hoofdauteur: Liles, Bruce L
Formaat: Printed Book
Gepubliceerd in: London; Prentice; 1971
Onderwerpen:
LEADER 00458nam a22001337a 4500
082 |a 410  |b LIL/A L1 
100 |a Liles, Bruce L  |9 313687 
245 |a An Introductory Transformational Grammer 
260 |a London;  |b Prentice;  |c 1971 
300 |a 167p. 
650 |a English;  |9 313688 
942 |c BK 
999 |c 61308  |d 61308 
952 |0 0  |1 0  |4 0  |6 410_000000000000000_LIL_A_L1  |7 0  |8 EnglishL  |9 73625  |a MAL  |b MAL  |d 2016-09-22  |e 14069  |l 0  |o 410 LIL/A L1  |p MAL014069  |r 2016-09-22  |t 1  |w 2016-09-22  |y BK